Primavera en otoño : (Record no. 110894)
[ view plain ]
| 000 -LEADER | |
|---|---|
| campo de control de longitud fija | 00945nam a2200253 i 4500 |
| 001 - NÚMERO DE CONTROL | |
| campo de control | 110894 |
| 003 - IDENTIFICADOR DE NÚMERO DE CONTROL | |
| campo de control | ES-MaACL |
| 005 - FECHA Y HORA DE LA ÚLTIMA TRANSACCIÓN | |
| campo de control | 20230906185210.0 |
| 007 - CAMPO FIJO DE DESCRIPCIÓN FÍSICA--INFORMACIÓN GENERAL | |
| campo de control de longitud fija | t| |
| 008 - DATOS DE LONGITUD FIJA--INFORMACIÓN GENERAL | |
| campo de control de longitud fija | 040429s1917 sp ||||1| spa d |
| 080 ## - NÚMERO DE LA CLASIFICACIÓN DECIMAL UNIVERSAL | |
| Número de la Clasificación Decimal Universal | 821.134.2-22"19" |
| 100 1# - ENTRADA PRINCIPAL--NOMBRE DE PERSONA | |
| Nombre de persona | Martínez Sierra, Gregorio, |
| Fechas asociadas al nombre | 1881-1947 |
| 9 (RLIN) | 78429 |
| 245 10 - MENCIÓN DEL TÍTULO | |
| Título | Primavera en otoño : |
| Resto del título | comedia en tres actos / |
| Mención de responsabilidad, etc. | original de Gregorio Martínez Sierra. |
| 260 ## - PUBLICACIÓN, DISTRIBUCIÓN, ETC. | |
| Lugar de publicación, distribución, etc. | [Madrid : |
| Nombre del editor, distribuidor, etc. | La Novela Teatral, |
| Fecha de publicación, distribución, etc. | 1917] |
| 300 ## - DESCRIPCIÓN FÍSICA | |
| Extensión | [40] p. ; |
| Dimensiones | 20 cm. |
| 490 1# - MENCIÓN DE SERIE | |
| Mención de serie | La novela teatral ; |
| Designación de volumen o secuencia | 29 |
| 594 ## - Nota al título y mención de responsabilidad | |
| Nota al título y mención de responsabilidad | Obra en colaboración entre Gregorio Martínez Sierra y María Lejárraga (María Martínez Sierra) |
| 599 ## - NOTA A LAS ILUSTRACIONES | |
| NOTA A LAS ILUSTRACIONES | En cub.: caricatura de Gregorio Martínez Sierra, por Tovar. |
| 700 1# - ENTRADA AGREGADA--NOMBRE PERSONAL | |
| Nombre de persona | Martínez Sierra, María, |
| Fechas asociadas al nombre | 1874-1974 |
| 9 (RLIN) | 78430 |
| 700 0# - ENTRADA AGREGADA--NOMBRE PERSONAL | |
| Nombre de persona | Tovar |
| Títulos y otros términos asociados al nombre | , ilustrador. |
| 9 (RLIN) | 157378 |
| 830 1# - PUNTO DE ACCESO ADICIONAL DE SERIE-TÍTULO UNIFORME | |
| Título uniforme | La novela teatral ; |
| Designación de volumen o secuencia | 29 |
| 9 (RLIN) | 122427 |
| 852 4# - LOCALIZACIÓN | |
| Ubicación | ES-MaACL |
| Número de control de estantería | 2214-F-19 |
| Estatus retirado | Estado de pérdida | Estado de daño | No para préstamo | Colección | Biblioteca de origen | Biblioteca actual | Ubicación en estantería | Fecha de adquisición | Fuente de adquisición | Total de préstamos | Signatura topográfica completa | Código de barras | Visto por última vez | Precio de reemplazo | Tipo de ítem Koha |
|---|---|---|---|---|---|---|---|---|---|---|---|---|---|---|---|
| Colección de folletos | Biblioteca del Ateneo de Madrid | Biblioteca del Ateneo de Madrid | Depósito folletos | 17/01/2008 | 2214-F-19 | 1115705 | 23/02/2023 | 23/02/2023 | Folleto |
